000 00707nam a2200193 i 4500
001 125012
003 ES-MaACL
005 20230906192533.0
007 t|
008 070426s1941 sp ||||1| spa d
100 1 _aGregorio Rocasolano, Antonio de.
_959907
245 1 3 _aEl Coto social de la Villa de Pedrola
_b: labor desarrollada /
_cAntonio de Gregorio Rocasolano.
260 _aMadrid :
_b[s.n.],
_c1941 (
_fSobrinos Sucesores de Minuesa de los Ríos)
300 _a24 p. ;
_c22 cm.
490 1 _aPublicaciones del Instituto Nacional de Previsión ;
_v532
830 0 _aPublicaciones del Instituto Nacional de Previsión ;
_v532
_9181151
852 _aES-MaACL
_jC-12638(16)
999 _c125012
_d125012